A Perfect murder [

General viewing for all ages (U)

Bibliographic Details
Main Author: Davis, Andrew
Format: Book
Published: s.l. : Warner Bros , 1998
Subjects:

MARC

LEADER 00000cam a2200000 7i4500
001 0000166329
005 20120928.0
090 0 0 |a F   |b PER 
100 1 |a Davis, Andrew 
245 1 2 |a A Perfect murder [  |h digital video disc]   |c Andrew Davis 
260 |a s.l. :   |b Warner Bros ,   |c 1998 
300 |a 1 digital video disc (103 minutes) :   |b col 
500 |a Library has 2 copies 
520 0 |a General viewing for all ages (U) 
650 0 0 |a Movies, English 
999 |a AV 30484   |b DIGITAL VIDEO DISC   |c PINJAMAN   |e PERPUSTAKAAN KOMUNITI PETALING JAYA 
999 |a AV 30485   |b DIGITAL VIDEO DISC   |c PINJAMAN   |e PERPUSTAKAAN KOMUNITI PETALING JAYA